logo

Bir Sreshtho Munshi Abdur Rouf Library
Jhenaidah Cadet College

Principles of engineering thermodynamics / (Record no. 9658)

MARC details
000 -LEADER
fixed length control field 00710nam a2200265 i 4500
001 - CONTROL NUMBER
JCCL Control Number 9658
003 - CONTROL NUMBER IDENTIFIER
JCCL marc code BD-JhCC
005 - DATE AND TIME OF LATEST TRANSACTION
control field 20180321184719.0
008 - FIXED-LENGTH DATA ELEMENTS--GENERAL INFORMATION
fixed length control field 180321s1974 enka b 001 0 eng
020 ## - INTERNATIONAL STANDARD BOOK NUMBER
International Standard Book Number 0333156943 :
Terms of availability £2.95
035 ## - SYSTEM CONTROL NUMBER
system control number (BD-JhCC)9658
040 ## - CATALOGING SOURCE
Original cataloging agency DLC
Transcribing agency DLC
Modifying agency DLC
-- BD-JhCC
041 ## - LANGUAGE CODE
Language code of Book eng
050 00 - LIBRARY OF CONGRESS CALL NUMBER
Classification number TJ265
Item number .G63
082 00 - DEWEY DECIMAL CLASSIFICATION NUMBER
Classification number 621.4/021
Author mark and Year GOO 1974
100 1# - MAIN ENTRY--PERSONAL NAME
Personal name Goodger, E. M.
245 10 - TITLE STATEMENT
Title Principles of engineering thermodynamics /
Statement of responsibility, etc E. M. Goodger.
260 ## - PUBLICATION, DISTRIBUTION, ETC. (IMPRINT)
Place of publication, distribution, etc London :
Name of publisher, distributor, etc Macmillan,
Date of publication, distribution, etc 1974.
300 ## - PHYSICAL DESCRIPTION
Pagination xiv, 194 p. :
Other physical details ill. ;
Dimensions 23 cm.
500 ## - GENERAL NOTE
General note Includes index.
504 ## - BIBLIOGRAPHY, ETC. NOTE
Bibliography, etc Bibliography: p. 190-191.
650 #0 - SUBJECT ADDED ENTRY--TOPICAL TERM
Topical term or geographic name as entry element Thermodynamics.
942 ## - ADDED ENTRY ELEMENTS (KOHA)
Source of classification or shelving scheme Dewey Decimal Classification
Koha item type Books
Holdings
Source of classification or shelving scheme Damaged status Not for loan Home library Current library Shelving location Total Checkouts Full call number Barcode Date last seen Copy number Koha item type
Dewey Decimal Classification     JCC Rouf Library JCC Rouf Library General Stacks   621.4/021 GOO 1974 12873 03/21/2018 C - 1 Books

JCC Library | Contacts | JCC Home

Last Update on 23 September 2017
Copyright @ 2017-2020 JCC Rouf Library
Rouf Library, Jhenidah Cadet College (JCC), Bangladesh